Statistics for People who use microphones

Click here to take the quiz!

General Stats

  • This quiz has been taken 6 times
  • The average score is 6 of 10

Answer Stats

HintAnswer% Correct
Julia Roberts, Sylvester StalloneActors
100%
Joe Biden, Donald TrumpPoliticians
100%
Frank Sinatra, MadonnaSingers
100%
Muhammad Ali, Michael JordanAthletes
83%
Al Capone, Lucky LucianoGangsters
83%
Pope Francis, the Dalai LamaReligious leaders
67%
Naibe Reynoso, Tom BrokawNews reporters
33%
The person writing this quizMe
17%
Matio Lopez, Joan RiversShow hosts
17%
Marv Albert, Jim LampleySportscasters
17%

Score Distribution

Percentile by Number Answered

Percent of People with Each Score

Your Score History

You have not taken this quiz